000
00407nam a22001697a 4500
003
MPLRDC
005
20220104142906.0
008
210129b ||||| |||| 00| 0 eng d
082
_a
490.7 BLX
100
_a
北龙贤
245
_a
启发力
_c
范煜译
260
_a
_b
尖端出版有限公司
_c
1987
300
_b
平
490
_a
智慧丛书. 4
650
_a
商学总论
942
_c
BK
_o
490.7 BLX
999
_c
34617
_d
34607